000 00564nam a22001937a 4500
005 20231128133227.0
008 231128b ||||| |||| 00| 0 eng d
040 _aIN-DiNC
_cIN-DiNC
041 _dasm
082 _a491.451
_bPAT
100 _aPathak, Ramesh
_eauthor
245 _aAsamiya Bhashar bibhinna dish:
_bmat aru bitarkita mat/
_cby Ramesh Pathak
250 _a1st ed.
260 _aGuwahati:
_bJyoti prakashan,
_c2008
300 _a182p.
650 _aAssamese language
650 _aLinguistics and phonology of Assamese language
942 _2ddc
_cBK
999 _c11722
_d11722